000 00621nam a2200253Ia 4500
001 292
005 20240113233408.0
007 ta
008 171204n ii |||gr||||Z||||||465
020 _cHB
040 _aRef.Stack
041 _a465
082 _a530
_bLa 31 Ma
100 _aLapp, Ralph E .
245 0 _aLife science library Matter /
_cRalph E.Lapp.
_hTextual Documents
250 _ac1963 /
260 _aNew York :
_bTime Incorporated ,
_cc1971.
300 _a200p. :
_bill ;
_c28cm. .
653 _aPhysics
653 _aReference section
942 _2ddc
_cBK
999 _c292
_d292